Alternative Energy Systems : (Record no. 11767)
[ view plain ]
| 000 -LEADER | |
|---|---|
| fixed length control field | 02348cam a2200385 a 4500 |
| 001 - CONTROL NUMBER | |
| control field | 14891648 |
| 005 - DATE AND TIME OF LATEST TRANSACTION | |
| control field | 20080331083628.0 |
| 008 - FIXED-LENGTH DATA ELEMENTS--GENERAL INFORMATION | |
| fixed length control field | 070614s2008 flua b 001 0 eng |
| 010 ## - LIBRARY OF CONGRESS CONTROL NUMBER | |
| LC control number | 2007024837 |
| 015 ## - NATIONAL BIBLIOGRAPHY NUMBER | |
| National bibliography number | GBA771228 |
| Source | bnb |
| 016 7# - NATIONAL BIBLIOGRAPHIC AGENCY CONTROL NUMBER | |
| Record control number | 013834141 |
| Source | Uk |
| 020 ## - INTERNATIONAL STANDARD BOOK NUMBER | |
| International Standard Book Number | 9781420055320 (hardcover : alk. paper) |
| 020 ## - INTERNATIONAL STANDARD BOOK NUMBER | |
| International Standard Book Number | 1420055321 (hardcover : alk. paper) |
| 035 ## - SYSTEM CONTROL NUMBER | |
| System control number | (OCoLC)ocn144770782 |
| 035 ## - SYSTEM CONTROL NUMBER | |
| System control number | (OCoLC)144770782 |
| Canceled/invalid control number | (OCoLC)144225433 |
| 040 ## - CATALOGING SOURCE | |
| Original cataloging agency | DLC |
| Transcribing agency | DLC |
| Modifying agency | YDX |
| -- | BAKER |
| -- | YDXCP |
| -- | BTCTA |
| -- | BWX |
| -- | UKM |
| -- | DLC |
| 050 00 - LIBRARY OF CONGRESS CALL NUMBER | |
| Classification number | TJ808 |
| Item number | .S56 2008 |
| 082 00 - DEWEY DECIMAL CLASSIFICATION NUMBER | |
| Classification number | 621.3136 |
| Edition number | 22 |
| Item number | SIM |
| 100 1# - MAIN ENTRY--PERSONAL NAME | |
| Personal name | Simoes, M. Godoy. |
| 9 (RLIN) | 5906 |
| 245 10 - TITLE STATEMENT | |
| Title | Alternative Energy Systems : |
| Remainder of title | Design and Analysis with Induction Generators / |
| Statement of responsibility, etc | M. Godoy Simoes, Felix A. Farret. |
| 250 ## - EDITION STATEMENT | |
| Edition statement | 2nd ed. |
| 260 ## - PUBLICATION, DISTRIBUTION, ETC. (IMPRINT) | |
| Place of publication, distribution, etc | Boca Raton : |
| Name of publisher, distributor, etc | CRC Press, |
| Date of publication, distribution, etc | c2008. |
| 300 ## - PHYSICAL DESCRIPTION | |
| Extent | 433 p. : |
| Other physical details | ill. ; |
| Dimensions | 25 cm. |
| 440 #0 - | |
| -- | Power electronics and applications series |
| -- | 5907 |
| 504 ## - BIBLIOGRAPHY, ETC. NOTE | |
| Bibliography, etc | Includes bibliographical references and index. |
| 505 0# - FORMATTED CONTENTS NOTE | |
| Formatted contents note | Principles of renewable sources of energy and electric generation -- The steady state model of the induction generator -- The transient model of the induction generator -- The self-excited induction generator -- General characteristics of the induction generator -- Construction features of the induction generator -- Power electronics for interfacing induction generators -- Scalar control for induction generators -- Vector control for induction generators -- Optimized control for induction generators -- Doubly fed induction generator -- Simulation tools for the induction generator -- Applications of induction generators in alternative sources of energy -- The economics of induction-generator based renewable systems. |
| 650 #0 - SUBJECT ADDED ENTRY--TOPICAL TERM | |
| Topical term or geographic name as entry element | Renewable energy sources. |
| 9 (RLIN) | 5908 |
| 650 #0 - SUBJECT ADDED ENTRY--TOPICAL TERM | |
| Topical term or geographic name as entry element | Electric machinery, Induction. |
| 9 (RLIN) | 5909 |
| 700 1# - ADDED ENTRY--PERSONAL NAME | |
| Personal name | Farret, Felix A. |
| 9 (RLIN) | 5910 |
| 856 41 - ELECTRONIC LOCATION AND ACCESS | |
| Materials specified | Table of contents only |
| Uniform Resource Identifier | <a href="http://www.loc.gov/catdir/toc/ecip0720/2007024837.html">http://www.loc.gov/catdir/toc/ecip0720/2007024837.html</a> |
| 856 42 - ELECTRONIC LOCATION AND ACCESS | |
| Materials specified | Publisher description |
| Uniform Resource Identifier | <a href="http://www.loc.gov/catdir/enhancements/fy0827/2007024837-d.html">http://www.loc.gov/catdir/enhancements/fy0827/2007024837-d.html</a> |
| 942 ## - ADDED ENTRY ELEMENTS (KOHA) | |
| Source of classification or shelving scheme | Dewey Decimal Classification |
| Item type | Book - Borrowing |
| Withdrawn status | Item status | Source of classification or shelving scheme | Damaged status | Not for loan | Vendor | Home library | Current library | Shelving location | Date acquired | Source of acquisition | Cost, normal purchase price | Serial Enumeration / chronology | Total Checkouts | Full call number | Barcode | Date last seen | Koha item type |
|---|---|---|---|---|---|---|---|---|---|---|---|---|---|---|---|---|---|
| Dewey Decimal Classification | Alahram | Central Library | Central Library | First floor | 08/06/2009 | 540.00 | 358 | 621.3136 SIM | 000016747 | 15/07/2025 | Book - Borrowing |